3 Movies, 1 Missing Word II Quiz Stats

 Plays Quiz Updated Aug 7, 2016

Challenge
Share
Tweet
Embed
Score 0/33 Timer 05:00
8 Plays Today
% Correct
King
97.8%
Runner
97.4%
World
97.4%
Devil
97.2%
Space
97.1%
Kill
97%
Rock
96.8%
Hour
96.6%
Dead
96.4%
Air
96.4%
Spy
96.2%
Blood
96%
Steel
95.9%
Away
95.9%
Road
95.9%
Room
95.7%
Blue
95.6%
% Correct
Drive
95.5%
Fish
95.5%
High
95%
Seven
94.9%
Hot
94.9%
Pretty
94.1%
Cool
93.9%
Winter
93.8%
Green
93.6%
Cop
93.4%
Other
93.2%
White
92.7%
Naked
89.7%
Little
88.6%
Iron
87.1%
Double
84.6%

You're not logged in!

Compare scores with friends on all Sporcle quizzes.
OR
Log In

You Might Also Like...

Show Comments

Extras

Top Quizzes Today


Score Distribution

Your Account Isn't Verified!

In order to create a playlist on Sporcle, you need to verify the email address you used during registration. Go to your Sporcle Settings to finish the process.

Report this User

Report this user for behavior that violates our Community Guidelines.

Details: